[Event "Albena BUL, 19th Open round_2"]
[Site "Albena BUL"]
[Date "2011.06.26"]
[Round "2.40"]
[White "Sarenac, David"]
[Black "Daskalov, Dimitar"]
[Result "1-0"]
[WhiteElo "2315"]
[BlackElo "2035"]
[PlyCount "143"]
[EventDate "2011.06.25"]
[EventType "swiss"]
[EventRounds "9"]
[EventCountry "BUL"]

1. e4 c5 2. Nf3 d6 3. c3 Nf6 4. h3 Nc6 5. d4 cxd4 6. cxd4 Nxe4 7. d5 Qa5+ 8.
Nc3 Nxc3 9. bxc3 Ne5 10. Nxe5 Qxc3+ 11. Bd2 Qxe5+ 12. Be2 e6 13. O-O Be7 14.
Qa4+ Bd7 15. Bb5 Bxb5 16. Qxb5+ Kf8 17. Rac1 Rd8 18. Bc3 Qxd5 19. Qb2 f6 20.
Rfd1 Qh5 21. Qxb7 Kf7 22. Re1 Qf5 23. Re2 e5 24. Qxa7 Rd7 25. Qa4 d5 26. Ba5
Rb8 27. Rec2 Rdb7 28. Bc7 Rc8 29. Qc6 Ra7 30. Qxd5+ Qe6 31. Qd3 Ba3 32. Rc6 Qe7
33. Qc4+ Ke8 34. Rc2 Qf7 35. Qb5 Qd7 36. Qb6 Ra4 37. Qb3 Ra7 38. Qg8+ Ke7 39.
Qxg7+ Ke8 40. Qg8+ Ke7 41. Qxh7+ Ke8 42. Qg6+ Qf7 43. Qxf7+ Kxf7 44. Bb6 Rxc6
45. Rxc6 Ra6 46. Rc7+ Kg6 47. Ra7 Rxb6 48. Rxa3 Rb2 49. Rg3+ Kf7 50. a3 f5 51.
Rf3 Kg6 52. g3 Ra2 53. Rb3 f4 54. g4 Kg5 55. Kg2 Kh4 56. Rb5 f3+ 57. Kxf3 Kxh3
58. Rxe5 Rxa3+ 59. Re3 Ra4 60. Re4 Ra3+ 61. Kf4 Kg2 62. Re2 Ra4+ 63. Re4 Ra8
64. g5 Kxf2 65. g6 Rf8+ 66. Kg5 Kf3 67. Ra4 Rb8 68. g7 Rb1 69. Kf6 Rb6+ 70. Kf7
Rb7+ 71. Kg6 Rb6+ 72. Kh7 1-0

[Event "Albena BUL, 19th Open round_2"]
[Site "Albena BUL"]
[Date "2011.06.26"]
[Round "2.41"]
[White "Sotirov, Nikolaj"]
[Black "Sarenac, Ivan"]
[Result "0-1"]
[WhiteElo "2034"]
[BlackElo "2315"]
[PlyCount "66"]
[EventDate "2011.06.25"]
[EventType "swiss"]
[EventRounds "9"]
[EventCountry "BUL"]

1. e4 e5 2. d4 exd4 3. Nf3 d6 4. Nxd4 Nf6 5. Nc3 Be7 6. Be2 O-O 7. O-O Re8 8.
f4 Bf8 9. Bf3 c5 10. Nb3 Nc6 11. Re1 d5 12. a4 Nb4 13. Nb5 d4 14. e5 c4 15.
N3xd4 Bc5 16. Be3 Nd7 17. Re2 Nf8 18. Qd2 Bd7 19. b3 Qb6 20. c3 Na6 21. Bd5
cxb3 22. Nxb3 Bxb5 23. axb5 Qxb5 24. Nxc5 Nxc5 25. Qb2 Qd7 26. Bc4 Rec8 27. Rd2
Qe7 28. Qb5 Ne4 29. Rd3 Qc7 30. Rd4 Nxc3 31. Qb3 b5 32. Bxb5 Nxb5 33. Qxb5 Qc3
0-1

[Event "Albena BUL, 19th Open round_2"]
[Site "Albena BUL"]
[Date "2011.06.26"]
[Round "2.42"]
[White "Krustev, Vasil"]
[Black "Badev, Kiril"]
[Result "0-1"]
[WhiteElo "2025"]
[BlackElo "2307"]
[PlyCount "68"]
[EventDate "2011.06.25"]
[EventType "swiss"]
[EventRounds "9"]
[EventCountry "BUL"]

1. d4 Nf6 2. c4 e6 3. Nc3 Bb4 4. e3 O-O 5. Nge2 d5 6. a3 Be7 7. Qc2 Nbd7 8.
cxd5 exd5 9. Ng3 Re8 10. b4 a5 11. b5 Nf8 12. Bd3 Ne6 13. O-O c5 14. bxc6 bxc6
15. Bb2 c5 16. dxc5 Nxc5 17. Bb5 Bd7 18. Bxd7 Qxd7 19. Rfd1 Qe6 20. Nf5 Bf8 21.
Nd4 Qe5 22. Nf3 Qh5 23. Ne2 Nce4 24. Nf4 Qh6 25. Nxd5 Ng4 26. Rf1 Ng5 27. h3
Nxf3+ 28. gxf3 Qxh3 29. Qc7 Qxf3 30. Qf4 Qxd5 31. Qxg4 Ra6 32. Rfd1 Qb5 33. Qd7
Rg6+ 34. Kh2 Qxb2 0-1

[Event "Albena BUL, 19th Open round_2"]
[Site "Albena BUL"]
[Date "2011.06.26"]
[Round "2.43"]
[White "Voicu-Jagodzinsky, Carmen"]
[Black "Bratimirova, Dimitrinka"]
[Result "1-0"]
[WhiteElo "2303"]
[BlackElo "2028"]
[PlyCount "107"]
[EventDate "2011.06.25"]
[EventType "swiss"]
[EventRounds "9"]
[EventCountry "BUL"]

1. e4 e5 2. Nf3 Nc6 3. Bc4 Nf6 4. d3 Bc5 5. c3 d6 6. h3 Ne7 7. Qb3 O-O 8. Bg5
Ng6 9. O-O h6 10. Be3 Nh5 11. d4 Bb6 12. Nbd2 Nhf4 13. Kh2 Nh4 14. Bxf4 exf4
15. Rfe1 c6 16. a4 Nxf3+ 17. Nxf3 g5 18. e5 d5 19. Be2 h5 20. g3 g4 21. Nh4 f3
22. Bd3 Bc7 23. Qc2 Qg5 24. Bf5 Bxf5 25. Qxf5 Qxf5 26. Nxf5 Kh7 27. Ne3 Rg8 28.
Rh1 gxh3 29. Kg1 Rg5 30. Rxh3 Rag8 31. Kf1 f5 32. Rh4 Kg6 33. Ke1 Bd8 34. Rf4
Rf8 35. Kd2 Rg4 36. Rxf3 Bg5 37. Kd3 Bxe3 38. Rxe3 f4 39. Rf3 Rf5 40. Rf1 fxg3
41. fxg3 Rxf3+ 42. Rxf3 Kg7 43. b4 h4 44. gxh4 Rxh4 45. Rf6 Rh3+ 46. Kc2 Rh2+
47. Kb3 Rh1 48. Rd6 a5 49. Rd7+ Kf8 50. Rxb7 axb4 51. Rxb4 c5 52. dxc5 Re1 53.
a5 Rxe5 54. a6 1-0

[Event "Albena BUL, 19th Open round_2"]
[Site "Albena BUL"]
[Date "2011.06.26"]
[Round "2.44"]
[White "Melderis, Uldis"]
[Black "Voiska, Margarita"]
[Result "0-1"]
[WhiteElo "2014"]
[BlackElo "2300"]
[PlyCount "80"]
[EventDate "2011.06.25"]
[EventType "swiss"]
[EventRounds "9"]
[EventCountry "BUL"]

1. d4 d6 2. Nf3 Bg4 3. Nbd2 g6 4. g3 Bg7 5. Bg2 c6 6. O-O Qc8 7. c3 Bh3 8. e4
Bxg2 9. Kxg2 Nf6 10. e5 dxe5 11. Nxe5 O-O 12. Qe2 c5 13. dxc5 Qxc5 14. Ndf3 Nc6
15. Be3 Qd5 16. Rfd1 Qe4 17. Nxc6 Qxc6 18. Bd4 Rfe8 19. Bxf6 Bxf6 20. Re1 e5
21. Qe4 Qb6 22. Re2 Rad8 23. Rae1 Re6 24. Qc2 Rde8 25. Qe4 h6 26. h3 Bg7 27.
Rd1 R6e7 28. Red2 Kh7 29. a3 f5 30. Qe3 e4 31. Ng1 Qc7 32. Ne2 g5 33. Rd5 Rf8
34. f4 exf3+ 35. Qxf3 f4 36. gxf4 gxf4 37. Qd3+ Kh8 38. Rf1 Re3 39. Nxf4 Rxd3
40. Ng6+ Kg8 0-1

[Event "Albena BUL, 19th Open round_2"]
[Site "Albena BUL"]
[Date "2011.06.26"]
[Round "2.45"]
[White "Bargan, Sergei"]
[Black "Steimar, Miroslav"]
[Result "1-0"]
[WhiteElo "2297"]
[BlackElo "2024"]
[PlyCount "45"]
[EventDate "2011.06.25"]
[EventType "swiss"]
[EventRounds "9"]
[EventCountry "BUL"]

1. d4 c6 2. e4 e5 3. dxe5 Qa5+ 4. Nc3 Bb4 5. Nf3 Bxc3+ 6. bxc3 Qxc3+ 7. Bd2 Qc5
8. Rb1 a5 9. Rb3 b5 10. Be3 Qe7 11. Nd4 Na6 12. Nf5 Qf8 13. Nd6+ Kd8 14. Bb6+
Nc7 15. Qh5 Nh6 16. Qg5+ f6 17. exf6 gxf6 18. Qf4 a4 19. Rh3 Ng4 20. Bxc7+ Kxc7
21. Nxb5+ Kb6 22. Qc7+ Kc5 23. Rc3+ 1-0

[Event "Albena BUL, 19th Open round_2"]
[Site "Albena BUL"]
[Date "2011.06.26"]
[Round "2.46"]
[White "Mihailescu, Mihai"]
[Black "Simonian, Tigran"]
[Result "0-1"]
[WhiteElo "2007"]
[BlackElo "2294"]
[PlyCount "100"]
[EventDate "2011.06.25"]
[EventType "swiss"]
[EventRounds "9"]
[EventCountry "BUL"]

1. e4 c5 2. Nf3 Nc6 3. Bb5 e6 4. Bxc6 bxc6 5. e5 Ne7 6. b3 Ng6 7. O-O Be7 8. d3
f6 9. Bb2 O-O 10. Nbd2 fxe5 11. Nxe5 Nxe5 12. Bxe5 d6 13. Bb2 e5 14. Qh5 Rf4
15. Qe2 Bg4 16. f3 Be6 17. Rae1 Qd7 18. Qe3 Re8 19. Kf2 Rff8 20. Ne4 Qd8 21.
Kg1 Bc8 22. Ng3 Bg5 23. Qf2 Bh4 24. Qe3 Bd7 25. Re2 Bg5 26. Qf2 Rf7 27. Ne4 Be7
28. Bc1 Ref8 29. Qg3 d5 30. Nf2 Bh4 31. Qxe5 Re8 32. Ng4 Rxe5 33. Nxe5 Rf8 34.
Be3 d4 35. Bf2 Bf6 36. Rfe1 Bxe5 37. Rxe5 Re8 38. Bg3 Rxe5 39. Rxe5 Kf7 40.
Rxc5 Qe7 41. b4 Qe3+ 42. Kf1 g5 43. Bf2 Qd2 44. Be1 Qc1 45. h3 h5 46. Ke2 g4
47. hxg4 hxg4 48. Bf2 Qh1 49. fxg4 Bxg4+ 50. Kd2 Qd1# 0-1

[Event "Albena BUL, 19th Open round_2"]
[Site "Albena BUL"]
[Date "2011.06.26"]
[Round "2.47"]
[White "Dimov, Dian"]
[Black "Vladut, Matei"]
[Result "1-0"]
[WhiteElo "2292"]
[BlackElo "2014"]
[PlyCount "47"]
[EventDate "2011.06.25"]
[EventType "swiss"]
[EventRounds "9"]
[EventCountry "BUL"]

1. e4 c6 2. d4 d5 3. f3 dxe4 4. fxe4 e5 5. Nf3 Bg4 6. c3 Nd7 7. Bd3 h6 8. O-O
Bd6 9. Be3 Ngf6 10. Nbd2 b5 11. h3 Bxf3 12. Nxf3 g5 13. Nh2 Qe7 14. Qf3 Rg8 15.
d5 cxd5 16. Bxb5 Kf8 17. exd5 Kg7 18. b4 e4 19. Qf5 Be5 20. Bxd7 Nxd7 21. Rac1
Nf6 22. Bc5 Bd6 23. Bd4 Bxh2+ 24. Kxh2 1-0

[Event "Albena BUL, 19th Open round_2"]
[Site "Albena BUL"]
[Date "2011.06.26"]
[Round "2.48"]
[White "Rzayev, Bahruz Iqbal Oglu"]
[Black "Hristov, Petar"]
[Result "1-0"]
[WhiteElo "2292"]
[BlackElo "2006"]
[PlyCount "95"]
[EventDate "2011.06.25"]
[EventType "swiss"]
[EventRounds "9"]
[EventCountry "BUL"]

1. e4 b6 2. d4 Bb7 3. Nc3 e6 4. f4 d5 5. e5 c5 6. Nf3 Nc6 7. Be3 cxd4 8. Nxd4
Bb4 9. Bd3 Nxd4 10. Bxd4 Ne7 11. Qh5 g6 12. Qh6 Nc6 13. Qg7 Rf8 14. a3 Be7 15.
Bf2 h5 16. h3 Qd7 17. g4 O-O-O 18. gxh5 Rg8 19. Qxf7 Rdf8 20. Qh7 g5 21. Bb5
Rh8 22. Qd3 Rxf4 23. Bg3 Rf7 24. O-O-O Rxh5 25. Qg6 Rhh7 26. Nxd5 Rhg7 27.
Nxe7+ Qxe7 28. Qd3 Qe8 29. Qc4 Rc7 30. Rd6 a6 31. Bxa6 Nxe5 32. Bxb7+ Kxb7 33.
Qb3 Nc4 34. Rd4 Qc6 35. Re1 Rc8 36. Ree4 Na5 37. Qd3 Rf7 38. b4 Rf1+ 39. Kb2 e5
40. Rd7+ Rc7 41. Rxc7+ Kxc7 42. Bxe5+ Kb7 43. bxa5 bxa5 44. Qxf1 Qxe4 45. Qb5+
Kc8 46. Qe8+ Kb7 47. Qd7+ Kb6 48. Qd4+ 1-0

[Event "Albena BUL, 19th Open round_2"]
[Site "Albena BUL"]
[Date "2011.06.26"]
[Round "2.50"]
[White "Vasilev, Vergil"]
[Black "Shishkov, Minko"]
[Result "1/2-1/2"]
[WhiteElo "2005"]
[BlackElo "2286"]
[PlyCount "102"]
[EventDate "2011.06.25"]
[EventType "swiss"]
[EventRounds "9"]
[EventCountry "BUL"]

1. d4 g6 2. e4 Bg7 3. Nf3 d6 4. Bd3 Nf6 5. c3 O-O 6. O-O c5 7. Nbd2 cxd4 8.
cxd4 Nc6 9. Re1 Nd7 10. Nb3 Nb6 11. h3 a5 12. Be3 a4 13. Nbd2 d5 14. e5 Nb4 15.
Bf1 Bf5 16. Nh4 Bc2 17. Qg4 Rc8 18. Rec1 Bd3 19. a3 Bxf1 20. Nxf1 Nd3 21. Rcb1
e6 22. Qe2 Qxh4 23. Qxd3 Nc4 24. b3 axb3 25. Qxb3 b6 26. Nd2 f6 27. exf6 Qxf6
28. Nf3 Ra8 29. Re1 Qe7 30. Ne5 Bxe5 31. dxe5 Ra6 32. Bh6 Rfa8 33. Qg3 Rxa3 34.
Rxa3 Rxa3 35. Qg4 Qf7 36. Rd1 Ra8 37. Re1 Qf5 38. Qg3 Kf7 39. Bg5 Ra3 40. Qh4
h5 41. Bd8 Ra7 42. g4 Qf3 43. gxh5 gxh5 44. Qg5 Ke8 45. Bf6 Qxh3 46. Qg8+ Kd7
47. Qg7+ Kc6 48. Qxa7 Qg4+ 49. Kh2 Qf4+ 50. Kg2 Qg4+ 51. Kh2 Qf4+ 1/2-1/2

[Event "Albena BUL, 19th Open round_3"]
[Site "Albena BUL"]
[Date "2011.06.27"]
[Round "3.1"]
[White "Stoma, Pawel"]
[Black "Cheparinov, Ivan"]
[Result "0-1"]
[WhiteElo "2326"]
[BlackElo "2669"]
[PlyCount "88"]
[EventDate "2011.06.25"]
[EventType "swiss"]
[EventRounds "9"]
[EventCountry "BUL"]

1. e4 e5 2. Nf3 Nc6 3. Bb5 a6 4. Ba4 Nf6 5. d3 d6 6. c3 g6 7. Nbd2 Bg7 8. Nf1
O-O 9. Ng3 Re8 10. O-O h6 11. h3 b5 12. Bc2 d5 13. a4 b4 14. a5 bxc3 15. bxc3
Na7 16. Bb3 Rb8 17. Qc2 Be6 18. Ba4 Bd7 19. Bb3 Be6 20. Ba4 dxe4 21. dxe4 Nd7
22. Rd1 Nb5 23. Be3 Nd6 24. c4 Qc8 25. c5 Nc4 26. Bxd7 Nxe3 27. Qa4 Bxd7 28.
Rxd7 Nc2 29. Rad1 Nd4 30. Nxd4 exd4 31. c6 Re6 32. f4 Qf8 33. e5 Rb4 34. Qc2 d3
35. Qxd3 Rxf4 36. Qxa6 Qc5+ 37. Kh1 Bxe5 38. R7d5 Qf2 39. Rxe5 Rxe5 40. Qc8+
Kg7 41. Qxc7 Rg5 42. Qb7 Rxg3 43. c7 Rc4 44. Rg1 Rgc3 0-1

[Event "Albena BUL, 19th Open round_3"]
[Site "Albena BUL"]
[Date "2011.06.27"]
[Round "3.2"]
[White "Lupulescu, Constantin"]
[Black "Sarenac, David"]
[Result "1-0"]
[WhiteElo "2638"]
[BlackElo "2315"]
[PlyCount "71"]
[EventDate "2011.06.25"]
[EventType "swiss"]
[EventRounds "9"]
[EventCountry "BUL"]

1. d4 Nf6 2. c4 g6 3. Nf3 Bg7 4. Nc3 d5 5. Bf4 O-O 6. e3 c5 7. dxc5 Qa5 8. Rc1
dxc4 9. Bxc4 Qxc5 10. Bb3 Qa5 11. O-O Nc6 12. h3 Bf5 13. Qe2 Ne4 14. g4 Nxc3
15. bxc3 e5 16. Bg3 Be6 17. Bxe6 fxe6 18. Ng5 Rae8 19. Rfd1 Qc7 20. Ne4 Qe7 21.
Qb5 Rc8 22. Rd6 Rfd8 23. Rcd1 Rxd6 24. Rxd6 h6 25. c4 Rc7 26. c5 g5 27. Kg2 Qf7
28. Qb3 Re7 29. h4 Bf6 30. hxg5 hxg5 31. Rxc6 bxc6 32. Qb8+ Kh7 33. Nxf6+ Qxf6
34. Bxe5 Re8 35. Qb7+ Qe7 36. Qb1+ 1-0

[Event "Albena BUL, 19th Open round_3"]
[Site "Albena BUL"]
[Date "2011.06.27"]
[Round "3.3"]
[White "Sarenac, Ivan"]
[Black "Rodshtein, Maxim"]
[Result "0-1"]
[WhiteElo "2315"]
[BlackElo "2638"]
[PlyCount "92"]
[EventDate "2011.06.25"]
[EventType "swiss"]
[EventRounds "9"]
[EventCountry "BUL"]

1. e4 c6 2. Nc3 d5 3. Qe2 e6 4. g3 Nf6 5. Bg2 Bb4 6. e5 Nfd7 7. Qg4 Bf8 8. f4
c5 9. d3 Nc6 10. Bd2 Rb8 11. Nf3 g6 12. O-O b5 13. Rae1 Ne7 14. a4 a6 15. axb5
axb5 16. Qh3 b4 17. Ne2 h5 18. g4 Bg7 19. Ng3 hxg4 20. Qxg4 b3 21. c3 Nb6 22.
Bc1 Bf8 23. Ng5 Ra8 24. h4 Nf5 25. Nxf5 gxf5 26. Qg3 Ra1 27. Bf3 Ba6 28. Rd1
Qd7 29. c4 Bb7 30. cxd5 Bxd5 31. Ne4 fxe4 32. dxe4 Rxc1 33. Rxc1 Bxe4 34. Rcd1
Qa4 35. f5 Bxf3 36. Rxf3 Rxh4 37. Qg2 Rg4 38. Rg3 exf5 39. Rdd3 Rxg3 40. Rxg3
Qd4+ 41. Kh1 Nd5 42. Qf1 Qe4+ 43. Kh2 c4 44. Qa1 Qe2+ 45. Rg2 Qh5+ 46. Kg3 f4+
0-1

[Event "Albena BUL, 19th Open round_3"]
[Site "Albena BUL"]
[Date "2011.06.27"]
[Round "3.4"]
[White "Delchev, Aleksander"]
[Black "Voicu-Jagodzinsky, Carmen"]
[Result "1-0"]
[WhiteElo "2619"]
[BlackElo "2303"]
[PlyCount "77"]
[EventDate "2011.06.25"]
[EventType "swiss"]
[EventRounds "9"]
[EventCountry "BUL"]

1. c4 c5 2. g3 Nc6 3. Bg2 g6 4. Nc3 Bg7 5. Nf3 e5 6. O-O d6 7. a3 Nge7 8. b4
O-O 9. Rb1 Rb8 10. d3 h6 11. e3 b6 12. b5 Na5 13. Bb2 Be6 14. Qc2 Qd7 15. Rfd1
f5 16. Nd2 Kh7 17. Nd5 Rbe8 18. Bc3 Nb7 19. Re1 Rf7 20. a4 Ref8 21. f4 g5 22.
fxg5 hxg5 23. g4 fxg4 24. Ne4 Kh6 25. Nxe7 Qxe7 26. Ng3 Nd8 27. a5 Rf3 28. axb6
axb6 29. Ra1 Bc8 30. Bxf3 gxf3 31. Qf2 Ne6 32. Ra8 Bb7 33. Ra7 g4 34. Ne4 Bf6
35. Nxf6 Rxf6 36. Qh4+ Kg7 37. Kf2 Qf7 38. Rg1 Rg6 39. Rxg4 1-0

[Event "Albena BUL, 19th Open round_3"]
[Site "Albena BUL"]
[Date "2011.06.27"]
[Round "3.5"]
[White "Badev, Kiril"]
[Black "Grigoryan, Avetik"]
[Result "0-1"]
[WhiteElo "2307"]
[BlackElo "2608"]
[PlyCount "158"]
[EventDate "2011.06.25"]
[EventRounds "9"]
[EventCountry "BUL"]

1. d4 Nf6 2. c4 c5 3. d5 e6 4. Nc3 exd5 5. cxd5 d6 6. e4 g6 7. f4 Bg7 8. Bb5+
Nfd7 9. Bd3 O-O 10. Nf3 Na6 11. O-O Nb6 12. f5 c4 13. Bb1 Nc5 14. Bg5 Bf6 15.
Be3 Nbd7 16. g4 Re8 17. Bd4 Ne5 18. Nxe5 Bxe5 19. Bxe5 Rxe5 20. Qf3 Qf6 21. Bc2
Bd7 22. a4 Rae8 23. Rf2 Kh8 24. Raf1 gxf5 25. gxf5 Rg8+ 26. Kh1 Ree8 27. Qe2
Rg5 28. Qxc4 Reg8 29. b4 Na6 30. Ne2 Rc8 31. Qb3 b5 32. axb5 Bxb5 33. Bd3 Bxd3
34. Qxd3 Nxb4 35. Qb5 a5 36. Qxa5 Nd3 37. Rf3 Rc2 38. Re3 Rg8 39. Rxd3 Rxe2 40.
Qc3 Qxc3 41. Rxc3 Rxe4 42. Rc6 Rd8 43. f6 Re5 44. Rc7 Rf8 45. Rb1 h6 46. Rbb7
Kg8 47. Rd7 Rxd5 48. Kg2 Kh7 49. Rb6 Rf5 50. Kh3 Kg6 51. Rdxd6 Rh5+ 52. Kg3 Ra8
53. Rd3 Ra2 54. h3 Rg5+ 55. Kf3 Rh2 56. Ke4 Re2+ 57. Kd4 Re8 58. Rd6 h5 59. Rf3
Ra8 60. Rd3 Ra1 61. Ke4 Re1+ 62. Kd4 Rf1 63. Ke4 Rg2 64. Rf3 Re2+ 65. Kf4 Ref2
66. Rxf2 Rxf2+ 67. Kg3 Rxf6 68. Rxf6+ Kxf6 69. Kf4 Kg6 70. h4 Kf6 71. Ke4 Ke6
72. Kf4 f6 73. Ke4 f5+ 74. Kf4 Kf6 75. Ke3 Ke5 76. Kf3 f4 77. Kf2 Ke4 78. Ke2
f3+ 79. Ke1 Kf4 0-1

[Event "Albena BUL, 19th Open round_3"]
[Site "Albena BUL"]
[Date "2011.06.27"]
[Round "3.6"]
[White "Chatalbashev, Boris"]
[Black "Bargan, Sergei"]
[Result "1/2-1/2"]
[WhiteElo "2591"]
[BlackElo "2297"]
[PlyCount "111"]
[EventDate "2011.06.25"]
[EventType "swiss"]
[EventRounds "9"]
[EventCountry "BUL"]

1. d4 Nf6 2. c4 c5 3. d5 e5 4. Nc3 d6 5. e4 Be7 6. g3 O-O 7. Bg2 a6 8. Nge2 b5
9. cxb5 Qa5 10. bxa6 Bxa6 11. O-O Nbd7 12. f4 c4 13. Kh1 Nc5 14. fxe5 Ng4 15.
Nd4 Nxe5 16. Nc6 Qc7 17. Bf4 Ncd3 18. Qd2 Bf6 19. Rab1 Rfe8 20. a4 Nxc6 21.
dxc6 Be5 22. b4 cxb3 23. Nb5 Bxb5 24. axb5 Nc5 25. Be3 b2 26. Rxb2 Bxb2 27.
Qxb2 Rab8 28. Bd4 Ne6 29. Bc3 Qb6 30. Rb1 Qc5 31. Qb4 Qxb4 32. Rxb4 Rb6 33. e5
dxe5 34. Bxe5 f6 35. Bc3 Nc7 36. Bf1 Reb8 37. Rd4 Rc8 38. Bc4+ Kh8 39. Ba5 Nxb5
40. Bxb6 Nxd4 41. Bxd4 Rxc6 42. Bf1 Rd6 43. Be3 Re6 44. Bf2 Rc6 45. Kg2 Rc3 46.
Be2 Ra3 47. g4 g5 48. Bc5 Rb3 49. Bf3 Kg7 50. Be4 Rb2+ 51. Bf2 Rb4 52. Bf5 Rb3
53. Bg3 Ra3 54. Bd6 Rb3 55. Bg3 Ra3 56. Kf2 1/2-1/2

[Event "Albena BUL, 19th Open round_3"]
[Site "Albena BUL"]
[Date "2011.06.27"]
[Round "3.7"]
[White "Voiska, Margarita"]
[Black "Kolev, Atanas"]
[Result "1/2-1/2"]
[WhiteElo "2300"]
[BlackElo "2590"]
[PlyCount "51"]
[EventDate "2011.06.25"]
[EventType "swiss"]
[EventRounds "9"]
[EventCountry "BUL"]

1. d4 Nf6 2. Nf3 d5 3. c4 e6 4. e3 a6 5. b3 c5 6. Nbd2 Nc6 7. Bb2 cxd4 8. exd4
g6 9. Bd3 Bg7 10. O-O O-O 11. a3 b6 12. Qc2 dxc4 13. bxc4 Bb7 14. Rac1 Rc8 15.
Qb1 Nh5 16. Rfd1 Bxd4 17. Ne4 e5 18. c5 Nf4 19. Bf1 Ne6 20. Nd6 Rb8 21. Nxb7
Rxb7 22. Bxa6 Rb8 23. Bxd4 exd4 24. Qe4 Nxc5 25. Qxc6 Nxa6 26. Rxd4 1/2-1/2

[Event "Albena BUL, 19th Open round_3"]
[Site "Albena BUL"]
[Date "2011.06.27"]
[Round "3.8"]
[White "Nikolov, Momchil"]
[Black "Dimov, Dian"]
[Result "1-0"]
[WhiteElo "2583"]
[BlackElo "2292"]
[PlyCount "119"]
[EventDate "2011.06.25"]
[EventType "swiss"]
[EventRounds "9"]
[EventCountry "BUL"]

1. d4 Nf6 2. c4 c5 3. d5 e6 4. Nc3 exd5 5. cxd5 d6 6. e4 g6 7. Nge2 Bg7 8. Ng3
O-O 9. Be2 h5 10. Bg5 Qb6 11. Qd2 Nh7 12. Bf4 Nd7 13. O-O Ne5 14. h3 a6 15. Be3
h4 16. Nh1 f5 17. f3 Bd7 18. Rab1 Qd8 19. a4 Qf6 20. f4 Nf7 21. Nf2 Rfe8 22. a5
Rac8 23. Bd3 Qd8 24. Ra1 Nf6 25. Rfe1 Nh5 26. Na4 Ng3 27. Nb6 fxe4 28. Nxc8
Bxc8 29. Be2 Nh6 30. Bg4 Nhf5 31. Bxf5 Nxf5 32. Ra4 Nxe3 33. Rxe3 Bd4 34. Rxd4
cxd4 35. Qxd4 Bf5 36. Nxe4 Bxe4 37. Rxe4 Rxe4 38. Qxe4 Kg7 39. Qe1 Kh6 40. Qc3
Kh7 41. Kf2 Qe7 42. Kf3 Qf7 43. Qd4 Qf5 44. Qe4 Kh6 45. Ke3 Qc8 46. Kf3 Qf5 47.
Qd4 Kh7 48. Qc4 Kh6 49. Qe4 Qh5+ 50. Kf2 Qf5 51. Qd4 Kh7 52. Qc4 Kh6 53. Ke3
Qb1 54. Qe2 Qf5 55. Qf2 Kh5 56. Qf3+ Kh6 57. Qg4 Qxg4 58. hxg4 g5 59. fxg5+
Kxg5 60. Kf3 1-0

[Event "Albena BUL, 19th Open round_3"]
[Site "Albena BUL"]
[Date "2011.06.27"]
[Round "3.9"]
[White "Simonian, Tigran"]
[Black "Jaracz, Pawel"]
[Result "1/2-1/2"]
[WhiteElo "2294"]
[BlackElo "2575"]
[PlyCount "41"]
[EventDate "2011.06.25"]
[EventType "swiss"]
[EventRounds "9"]
[EventCountry "BUL"]

1. d4 d5 2. Nf3 Nf6 3. c4 dxc4 4. Nc3 c6 5. a4 Bf5 6. e3 e6 7. Bxc4 Bb4 8. O-O
O-O 9. Qe2 Nbd7 10. e4 Bg6 11. e5 Nd5 12. Nxd5 cxd5 13. Bd3 a6 14. Bxg6 fxg6
15. Ng5 Qe8 16. f4 h6 17. Nf3 Nb8 18. Be3 Nc6 19. Qd3 Be7 20. Rac1 Rc8 21. Bd2
1/2-1/2

[Event "Albena BUL, 19th Open round_3"]
[Site "Albena BUL"]
[Date "2011.06.27"]
[Round "3.10"]
[White "Svetushkin, Dmitry"]
[Black "Rzayev, Bahruz Iqbal Oglu"]
[Result "1-0"]
[WhiteElo "2561"]
[BlackElo "2292"]
[PlyCount "93"]
[EventDate "2011.06.25"]
[EventType "swiss"]
[EventRounds "9"]
[EventCountry "BUL"]

1. e4 e5 2. Nf3 Nc6 3. Bb5 a6 4. Ba4 Nf6 5. O-O Be7 6. Re1 b5 7. Bb3 d6 8. c3
O-O 9. h3 Na5 10. Bc2 c5 11. d4 Qc7 12. Nbd2 Nc6 13. d5 Nd8 14. a4 Rb8 15. b3
Ne8 16. Nf1 g6 17. Bh6 Ng7 18. Qd2 f6 19. b4 c4 20. axb5 axb5 21. N3h2 Nf7 22.
Be3 f5 23. exf5 Nxf5 24. Nf3 Nxe3 25. Qxe3 Bf5 26. Bxf5 gxf5 27. Ra7 Qd8 28.
Rea1 Ng5 29. Nxg5 Bxg5 30. Qg3 Kh8 31. h4 Be7 32. h5 Rf7 33. Qh3 Qg8 34. Ng3
Qg5 35. Ra8 Rbf8 36. R1a7 h6 37. Nf1 Kg7 38. Rxf8 Bxf8 39. Ra5 e4 40. Rxb5 f4
41. Ra5 Re7 42. Ra2 Qxd5 43. Ra5 Qd1 44. Qf5 e3 45. Qg6+ Kh8 46. Ra8 exf2+ 47.
Kh2 1-0

[Event "Albena BUL, 19th Open round_3"]
[Site "Albena BUL"]
[Date "2011.06.27"]
[Round "3.11"]
[White "Nikolaou, Georgios"]
[Black "Szabo, Gergely-Andras-Gyul"]
[Result "0-1"]
[WhiteElo "2286"]
[BlackElo "2545"]
[PlyCount "110"]
[EventDate "2011.06.25"]
[EventType "swiss"]
[EventRounds "9"]
[EventCountry "BUL"]

1. Nf3 c5 2. c4 Nc6 3. d4 cxd4 4. Nxd4 e5 5. Nc2 Nf6 6. Nc3 Qb6 7. g3 Bc5 8. e3
d6 9. Bg2 Bf5 10. O-O O-O 11. Nd5 Qd8 12. b3 a5 13. Bb2 Nxd5 14. Bxd5 Qb6 15.
Ba3 Nb4 16. Nxb4 axb4 17. Bb2 Ra7 18. Qf3 Bd7 19. Rfd1 Bc6 20. Rd2 Ra5 21. Kg2
Bxd5 22. Qxd5 Rfa8 23. Rad1 Rxa2 24. Bd4 Rxd2 25. Rxd2 exd4 26. exd4 g6 27. Rd3
Qc7 28. dxc5 dxc5 29. h4 h5 30. Rf3 Re8 31. Rf6 Kg7 32. Rd6 Re7 33. Kh2 Qa5 34.
Kg2 Qc7 35. Kh2 Qc8 36. Kg2 Re6 37. Rd7 Qc6 38. Qxc6 bxc6 39. Kf3 Kf6 40. Kg2
Re1 41. Kf3 Rb1 42. Rd3 Ke5 43. Ke3 Rb2 44. Kf3 Rc2 45. Ke3 f6 46. Kf3 Rc3 47.
Ke2 g5 48. Rxc3 bxc3 49. Kd3 gxh4 50. gxh4 Kf4 51. Kxc3 Kg4 52. b4 cxb4+ 53.
Kxb4 Kxh4 54. Kc5 Kg5 55. Kxc6 h4 0-1

[Event "Albena BUL, 19th Open round_3"]
[Site "Albena BUL"]
[Date "2011.06.27"]
[Round "3.12"]
[White "Samhouri, Bilal"]
[Black "Nevednichy, Vladislav"]
[Result "1/2-1/2"]
[WhiteElo "2269"]
[BlackElo "2542"]
[PlyCount "87"]
[EventDate "2011.06.25"]
[EventType "swiss"]
[EventRounds "9"]
[EventCountry "BUL"]

1. d4 d6 2. Nf3 g6 3. c4 Bg7 4. Nc3 Nf6 5. Bg5 h6 6. Bh4 g5 7. Bg3 Nh5 8. e3 e6
9. Bd3 Nd7 10. Qc2 O-O 11. Ne2 f5 12. h3 b6 13. Bh2 Bb7 14. O-O-O Qe7 15. Rhg1
a6 16. Nc3 Kh8 17. Ne1 Nhf6 18. g4 fxg4 19. hxg4 c5 20. f4 cxd4 21. exd4 Ng8
22. Be4 d5 23. cxd5 exd5 24. Bf5 b5 25. Kb1 b4 26. Ne2 Rac8 27. Qd2 Rxf5 28.
gxf5 g4 29. Nd3 Qe4 30. Ka1 Ngf6 31. Rc1 a5 32. Rxc8+ Bxc8 33. Ne5 Qxf5 34. Ng3
Qe6 35. Re1 Ne4 36. Nxe4 dxe4 37. d5 Qf5 38. Qc2 Bb7 39. Qxe4 Qxe4 40. Rxe4 Nf6
41. Rc4 Bxd5 42. Rc5 a4 43. Bg3 Bf3 44. Rc4 1/2-1/2

[Event "Albena BUL, 19th Open round_3"]
[Site "Albena BUL"]
[Date "2011.06.27"]
[Round "3.13"]
[White "Grigorov, Grigor"]
[Black "Jaracz, Barbara"]
[Result "1/2-1/2"]
[WhiteElo "2497"]
[BlackElo "2275"]
[PlyCount "71"]
[EventDate "2011.06.25"]
[EventType "swiss"]
[EventRounds "9"]
[EventCountry "BUL"]

1. Nf3 Nf6 2. c4 g6 3. Nc3 d5 4. cxd5 Nxd5 5. Qc2 Nb6 6. d4 Bg7 7. e4 O-O 8.
Be3 c6 9. h3 N8d7 10. Be2 e5 11. Rd1 exd4 12. Bxd4 Qe7 13. O-O Nf6 14. Be5 Ne8
15. Bxg7 Nxg7 16. Qd2 Be6 17. b3 Rad8 18. Qe3 Rxd1 19. Rxd1 Rd8 20. Rxd8+ Qxd8
21. e5 Nf5 22. Qc5 Kg7 23. Qb4 h6 24. Qf4 Nd5 25. Nxd5 Bxd5 26. Qd2 Qe7 27. Qc3
Kg8 28. Nh2 h5 29. Bf3 Qe6 30. Bxd5 Qxd5 31. Nf3 b6 32. Qc1 c5 33. Qe1 Nd4 34.
Ng5 Ne6 35. Nf3 Nd4 36. Ng5 1/2-1/2